La leyenda de las once mil vírgenes : (Record no. 9000)
[ view plain ]
| 000 -LEADER | |
|---|---|
| campo de control de longitud fija | 00998nam a2200277 i 4500 |
| 001 - NÚMERO DE CONTROL | |
| campo de control | 9000 |
| 003 - IDENTIFICADOR DE NÚMERO DE CONTROL | |
| campo de control | ES-MaACL |
| 005 - FECHA Y HORA DE LA ÚLTIMA TRANSACCIÓN | |
| campo de control | 20250815063215.0 |
| 007 - CAMPO FIJO DE DESCRIPCIÓN FÍSICA--INFORMACIÓN GENERAL | |
| campo de control de longitud fija | t| |
| 008 - DATOS DE LONGITUD FIJA--INFORMACIÓN GENERAL | |
| campo de control de longitud fija | 930128s1991 sp ||||1| spa d |
| 017 ## - NÚMERO DE COPYRIGHT O DE DEPÓSITO LEGAL | |
| Número de copyright o de depósito legal | MU 1680-1991 |
| Agencia que asigna | Oficina Depósito Legal Murcia |
| 020 ## - NÚMERO INTERNACIONAL ESTÁNDAR DEL LIBRO | |
| Número Internacional Estándar del Libro | 84-7684-249-X |
| 080 ## - NÚMERO DE LA CLASIFICACIÓN DECIMAL UNIVERSAL | |
| Número de la Clasificación Decimal Universal | 248 Úrsula, Santa (093) |
| 100 1# - ENTRADA PRINCIPAL--NOMBRE DE PERSONA | |
| Nombre de persona | Ferreiro Alemparte, Jaime, |
| Fechas asociadas al nombre | 1918-2000 |
| Término indicativo de función/relación | Autor |
| 9 (RLIN) | 50396 |
| 245 13 - MENCIÓN DEL TÍTULO | |
| Título | La leyenda de las once mil vírgenes : |
| Resto del título | sus reliquias, culto e iconografía / |
| Mención de responsabilidad, etc. | Jaime Ferreiro Alemparte |
| 260 ## - PUBLICACIÓN, DISTRIBUCIÓN, ETC. | |
| Lugar de publicación, distribución, etc. | Murcia : |
| Nombre del editor, distribuidor, etc. | Universidad, |
| Fecha de publicación, distribución, etc. | 1991 |
| 300 ## - DESCRIPCIÓN FÍSICA | |
| Extensión | 241 páginas : |
| Otras características físicas | ilustraciones ; |
| Dimensiones | 24 cm |
| 490 1# - MENCIÓN DE SERIE | |
| Mención de serie | Cuadernos (Universidad de Murcia) ; |
| Designación de volumen o secuencia | 16 |
| RLIN | 236790 |
| 600 04 - PUNTO DE ACCESO ADICIONAL DE MATERIA--NOMBRE DE PERSONA | |
| Nombre de persona | Úrsula, |
| Títulos y otros términos asociados al nombre | Santa |
| 9 (RLIN) | 134073 |
| 710 2# - ENTRADA AGREGADA--NOMBRE DE ENTIDAD CORPORATIVA | |
| Nombre de entidad corporativa o nombre de jurisdicción como elemento de entrada | Universidad de Murcia. |
| Término indicativo de función/relación | Editor |
| 9 (RLIN) | 7228 |
| 830 #0 - PUNTO DE ACCESO ADICIONAL DE SERIE-TÍTULO UNIFORME | |
| 9 (RLIN) | 236790 |
| Título uniforme | Cuadernos (Universidad de Murcia) ; |
| Designación de volumen o secuencia | 16 |
| 852 ## - LOCALIZACIÓN | |
| Ubicación | ES-MaACL |
| Sublocalización o colección | R.121132 |
| Ubicación en estantería | Depósito 2 |
| Número de control de estantería | L-16488 |
| 942 ## - ELEMENTOS DE ENTRADA SECUNDARIOS (KOHA) | |
| Fuente del sistema de clasificación o colocación | Clasificación decimal universal |
| Tipo de ítem Koha | Libro impreso |
| Suprimir en OPAC | No |
| Estatus retirado | Estado de pérdida | Estado de daño | No para préstamo | Biblioteca de origen | Biblioteca actual | Ubicación en estantería | Fecha de adquisición | Fuente de adquisición | Total de préstamos | Signatura topográfica completa | Código de barras | Visto por última vez | Precio de reemplazo | Tipo de ítem Koha |
|---|---|---|---|---|---|---|---|---|---|---|---|---|---|---|
| Biblioteca del Ateneo de Madrid | Biblioteca del Ateneo de Madrid | Depósito 2 | 17/01/2008 | L-16488 | 1009188 | 23/02/2023 | 23/02/2023 | Libro impreso |
